| 000 | 00642cam a2200193 a 4500 | ||
|---|---|---|---|
| 001 | 000012093 | ||
| 005 | 20200929162707.0 | ||
| 008 | 920409s1966 mx l 001 0 spa | ||
| 040 |
_aDO-SdBNP _bspa _cLC _dBNPHU |
||
| 050 | 0 | 0 |
_aLA543 _b.E35 |
| 082 |
_ann* _bE24a |
||
| 245 | 0 | 3 |
_aLa Educación avanzada y el desarrollo de América Latina / _cPrólogo Felipe Herrera. |
| 260 |
_aMéxico D. F. : _bBanco Interamericano de Desarrollo, _c1966. |
||
| 300 |
_a133 p. ; _c21 cm. |
||
| 650 | 0 |
_aEducation, higher _zLatin America _xCongresses. _928567 |
|
| 700 | 1 |
_aHerrera, Felipe, _epról. _928568 |
|
| 910 | _aCatalogación derivada | ||
| 049 | _aBNGR | ||
| 999 |
_c11759 _d11759 |
||